Statistiche per Tutte le squadre della UEFA Champions League

Clicka qui per fare il quiz!

Statistiche generali

  • Questo quiz è stato fatto 75 volte
  • Il punteggio medio è 66 su 147

Statistiche sulle risposte

NazioneSquadraPartecipazioniStagioni% Corretto
Germania Bayern Monaco261994-95, 1997-98, 1998-99, 1999-00, 2000-01, 2001-02, 2002-03, 2003-04, 2004-05, 2005-06, 2006-07, 2008-09, 2009-10, 2010-11, 2011-12, 2012-13, 2013-14, 2014-15, 2015-16, 2016-17, 2017-18, 2018-19, 2019-20, 2020-21, 2021-22, 2022-23
96%
Germania Borussia Dortmund171995-96, 1996-97, 1997-98, 1999-00, 2001-02, 2002-03, 2011-12, 2012-13, 2013-14, 2014-15, 2016-17, 2017-18, 2018-19, 2019-20, 2020-21, 2021-22, 2022-23
95%
Spagna Real Madrid271995-96, 1997-98, 1998-99, 1999-00, 2000-01, 2001-02, 2002-03, 2003-04, 2004-05, 2005-06, 2006-07, 2007-08, 2008-09, 2009-10, 2010-11, 2011-12, 2012-13, 2013-14, 2014-15, 2015-16, 2016-17, 2017-18, 2018-19, 2019-20, 2020-21, 2021-22, 2022-23
93%
Italia Inter161998-99, 2002-03, 2003-04, 2004-05, 2005-06, 2006-07, 2007-08, 2008-09, 2009-10, 2010-11, 2011-12, 2018-19, 2019-20, 2020-21, 2021-22, 2022-23
91%
ItaliaJuventus231995-96, 1996-97, 1997-98, 1998-99, 2000-01, 2001-02, 2002-03, 2003-04, 2004-05, 2005-06, 2008-09, 2009-10, 2012-13, 2013-14, 2014-15, 2015-16, 2016-17, 2017-18, 2018-19, 2019-20, 2020-21, 2021-22, 2022-23
89%
Italia Milan191992-93, 1993-94, 1994-95, 1996-97, 1999-00, 2000-01, 2002-03, 2003-04, 2004-05, 2005-06, 2006-07, 2007-08, 2009-10, 2010-11, 2011-12, 2012-13, 2013-14, 2021-22, 2022-23
89%
Italia Roma112001-02, 2002-03, 2004-05, 2006-07, 2007-08, 2008-09, 2010-11, 2014-15, 2015-16, 2017-18, 2018-19
89%
Paesi Bassi AZ Alkmaar12009-10
88%
SpagnaBarcellona271993-94, 1994-95, 1997-98, 1998-99, 1999-00, 2000-01, 2001-02, 2002-03, 2004-05, 2005-06, 2006-07, 2007-08, 2008-09, 2009-10, 2010-11, 2011-12, 2012-13, 2013-14, 2014-15, 2015-16, 2016-17, 2017-18, 2018-19, 2019-20, 2020-21, 2021-22, 2022-23
88%
Italia Napoli72011-12, 2013-14, 2016-17, 2017-18, 2018-19, 2019-20, 2022-23
88%
Spagna Atlético Madrid131996-97, 2008-09, 2009-10, 2013-14, 2014-15, 2015-16, 2016-17, 2017-18, 2018-19, 2019-20, 2020-21, 2021-22, 2022-23
86%
Inghilterra Manchester City122011-12, 2012-13, 2013-14, 2014-15, 2015-16, 2016-17, 2017-18, 2018-19, 2019-20, 2020-21, 2021-22, 2022-23
86%
Inghilterra Arsenal191998-99, 1999-00, 2000-01, 2001-02, 2002-03, 2003-04, 2004-05, 2005-06, 2006-07, 2007-08, 2008-09, 2009-10, 2010-11, 2011-12, 2012-13, 2013-14, 2014-15, 2015-16, 2016-17
84%
Inghilterra Chelsea191999-00, 2003-04, 2004-05, 2005-06, 2006-07, 2007-08, 2008-09, 2009-10, 2010-11, 2011-12, 2012-13, 2013-14, 2014-15, 2015-16, 2017-18, 2019-20, 2020-21, 2021-22, 2022-23
84%
Italia Fiorentina31999-00, 2008-09, 2009-10
84%
Italia Lazio61999-00, 2000-01, 2001-02, 2003-04, 2007-08, 2020-21
84%
Inghilterra Liverpool152001-02, 2002-03, 2004-05, 2005-06, 2006-07, 2007-08, 2008-09, 2009-10, 2014-15, 2017-18, 2018-19, 2019-20, 2020-21, 2021-22, 2022-23
84%
Francia Paris Saint-Germain151994-95, 1997-98, 2000-01, 2004-05, 2012-13, 2013-14, 2014-15, 2015-16, 2016-17, 2017-18, 2018-19, 2019-20, 2020-21, 2021-22, 2022-23
80%
Paesi BassiAjax181994-95, 1995-96, 1996-97, 1998-99, 2002-03, 2003-04, 2004-05, 2005-06, 2010-11, 2011-12, 2012-13, 2013-14, 2014-15, 2018-19, 2019-20, 2020-21, 2021-22, 2022-23
79%
Italia Atalanta32019-20, 2020-21, 2021-22
79%
Germania Bayer Leverkusen131997-98, 1999-00, 2000-01, 2001-02, 2002-03, 2004-05, 2011-12, 2013-14, 2014-15, 2015-16, 2016-17, 2019-20, 2022-23
79%
Francia Olympique Marsiglia111992-93, 1999-00, 2003-04, 2007-08, 2008-09, 2009-10, 2010-11, 2011-12, 2013-14, 2020-21, 2022-23
79%
Spagna Valencia121999-00, 2000-01, 2002-03, 2004-05, 2006-07, 2007-08, 2010-11, 2011-12, 2012-13, 2015-16, 2018-19, 2019-20
79%
PortogalloPorto261992-93, 1993-94, 1995-96, 1996-97, 1997-98, 1998-99, 1999-00, 2001-02, 2003-04, 2004-05, 2005-06, 2006-07, 2007-08, 2008-09, 2009-10, 2011-12, 2012-13, 2013-14, 2014-15, 2015-16, 2016-17, 2017-18, 2018-19, 2020-21, 2021-22, 2022-23
77%
GermaniaRed Bull Lipsia52017-18, 2019-20, 2020-21, 2021-22, 2022-23
77%
Spagna Siviglia82007-08, 2009-10, 2015-16, 2016-17, 2017-18, 2020-21, 2021-22, 2022-23
77%
TurchiaGalatasaray161993-94, 1994-95, 1997-98, 1998-99, 1999-00, 2000-01, 2001-02, 2002-03, 2003-04, 2006-07, 2012-13, 2013-14, 2014-15, 2015-16, 2018-19, 2019-20
75%
FranciaOlympique Lione162000-01, 2001-02, 2002-03, 2003-04, 2004-05, 2005-06, 2006-07, 2007-08, 2008-09, 2009-10, 2010-11, 2011-12, 2015-16, 2016-17, 2018-19, 2019-20
75%
Germania Amburgo22000-01, 2006-07
73%
Portogallo Benfica171994-95, 1998-99, 2005-06, 2006-07, 2007-08, 2010-11, 2011-12, 2012-13, 2013-14, 2014-15, 2015-16, 2016-17, 2017-18, 2018-19, 2019-20, 2021-22, 2022-23
73%
Inghilterra Tottenham62010-11, 2016-17, 2017-18, 2018-19, 2019-20, 2022-23
73%
Paesi Bassi Feyenoord51997-98, 1999-00, 2001-02, 2002-03, 2017-18
71%
Italia Udinese12005-06
71%
Spagna Villarreal42005-06, 2008-09, 2011-12, 2021-22
71%
Paesi Bassi PSV161992-93, 1997-98, 1998-99, 1999-00, 2000-01, 2001-02, 2002-03, 2003-04, 2004-05, 2005-06, 2006-07, 2007-08, 2008-09, 2015-16, 2016-17, 2018-19
70%
Portogallo Sporting Lisbona101997-98, 2000-01, 2006-07, 2007-08, 2008-09, 2014-15, 2016-17, 2017-18, 2021-22, 2022-23
70%
Spagna Real Sociedad22003-04, 2013-14
68%
Scozia Celtic112001-02, 2003-04, 2004-05, 2006-07, 2007-08, 2008-09, 2012-13, 2013-14, 2016-17, 2017-18, 2022-23
64%
RussiaZenit San Pietroburgo92008-09, 2011-12, 2012-13, 2013-14, 2014-15, 2015-16, 2019-20, 2020-21, 2021-22
64%
GermaniaBorussia Mönchengladbach32015-16, 2016-17, 2020-21
63%
DanimarcaCopenaghen52006-07, 2010-11, 2013-14, 2016-17, 2022-23
63%
Italia Parma11997-98
63%
RomaniaSteaua Bucarest71994-95, 1995-96, 1996-97, 2006-07, 2007-08, 2008-09, 2013-14
63%
Svizzera Young Boys22018-19, 2021-22
63%
Inghilterra Leicester City12016-17
61%
Francia Monaco91993-94, 1997-98, 2000-01, 2003-04, 2004-05, 2014-15, 2016-17, 2017-18, 2018-19
61%
Serbia Stella Rossa22018-19, 2019-20
61%
SvizzeraBasilea82002-03, 2008-09, 2010-11, 2011-12, 2013-14, 2014-15, 2016-17, 2017-18
59%
RussiaCSKA Mosca121992-93, 2004-05, 2006-07, 2007-08, 2009-10, 2011-12, 2013-14, 2014-15, 2015-16, 2016-17, 2017-18, 2018-19
59%
UcrainaDinamo Kiev181994-95, 1997-98, 1998-99, 1999-00, 2000-01, 2001-02, 2002-03, 2003-04, 2004-05, 2006-07, 2007-08, 2008-09, 2009-10, 2012-13, 2015-16, 2016-17, 2020-21, 2021-22Kiev
59%
ScoziaRangers111992-93, 1995-96, 1996-97, 1999-00, 2000-01, 2003-04, 2005-06, 2007-08, 2009-10, 2010-11, 2022-23
59%
GermaniaStoccarda32003-04, 2007-08, 2009-10
59%
TurchiaBeşiktaş81997-98, 2000-01, 2003-04, 2007-08, 2009-10, 2016-17, 2017-18, 2021-2022
57%
Francia Lilla72001-02, 2005-06, 2006-07, 2011-12, 2012-13, 2019-20, 2021-22
57%
CroaziaDinamo Zagabria8Dinamo 1998-99, 1999-00, 2011-12, 2012-13, 2015-16, 2016-17, 2019-20, 2022-23
55%
Spagna Malaga12012-13
55%
Svezia Malmö FF32014-15, 2015-16, 2021-22
55%
Grecia AEK Atene51994-95, 2002-03, 2003-04, 2006-07, 2018-19
54%
PortogalloSporting Braga22010-11, 2012-13
54%
GermaniaWolfsburg32009-10, 2015-16, 2021-22
54%
BelgioAnderlecht121993-94, 1994-95, 2000-01, 2001-02, 2003-04, 2004-05, 2005-06, 2006-07, 2012-13, 2013-14, 2014-15, 2017-18
50%
TurchiaFenerbahçe61996-97, 2001-02, 2004-05, 2005-06, 2007-08, 2008-09
50%
BelgioGenk32002-03, 2011-12, 2019-20
50%
Inghilterra Newcastle Utd21997-98, 2002-03
50%
AustriaRed Bull Salisburgo51994-95, 2019-20, 2020-2021, 2021-22, 2022-23
50%
Germania Schalke 0482001-02, 2005-06, 2007-08, 2010-11, 2012-13, 2013-14, 2014-15, 2018-19
50%
RussiaSpartak Mosca121993-94, 1994-95, 1995-96, 1998-99, 1999-00, 2000-01, 2001-02, 2002-03, 2006-07, 2010-11, 2012-13, 2017-18
50%
Germania Eintracht Francoforte12022-23
48%
Germania Werder Brema71993-94, 2004-05, 2005-06, 2006-07, 2007-08, 2008-09, 2010-11
48%
Svizzera Zurigo12009-10
48%
Spagna Deportivo La Coruña52000-01, 2001-02, 2002-03, 2003-04, 2004-05
46%
Francia Lens21998-99, 2002-03
46%
Grecia Panathīnaïkos91995-96, 1998-99, 2000-01, 2001-02, 2003-04, 2004-05, 2005-06, 2008-09, 2010-11
46%
Repubblica CecaSparta Praga71997-98, 1999-00, 2000-01, 2001-02, 2003-04, 2004-05, 2005-06
46%
Francia Rennes12020-21
45%
Spagna Athletic Bilbao21998-99, 2014-15
43%
BelgioGent12015-16
43%
RussiaLokomotiv Mosca62001-02, 2002-03, 2003-04, 2018-19, 2019-20, 2020-21
43%
CiproAPOEL Nicosia42009-10, 2011-12, 2014-15, 2017-18
41%
Austria Austria Vienna12013-14
41%
Francia Bordeaux41999-00, 2006-07, 2008-09, 2009-10
41%
IsraeleMaccabi Haifa32002-03, 2009-10, 2022-23
41%
BelgioClub Bruges101992-93, 2002-03, 2003-04, 2005-06, 2016-17, 2018-19, 2019-20, 2020-21, 2021-22, 2022-23
39%
Francia Montpellier12012-13
39%
Repubblica Ceca Slavia Praga22007-08, 2019-20
39%
Germania Hoffenheim12018-19
38%
Francia Nantes21995-96, 2001-02
38%
GreciaOlympiakos201997-98, 1998-99, 1999-00, 2000-01, 2001-02, 2002-03, 2003-04, 2004-05, 2005-06, 2006-07, 2007-08, 2009-10, 2011-12, 2012-13, 2013-14, 2014-15, 2015-16, 2017-18, 2019-20, 2020-21
38%
Spagna Betis12005-06
36%
InghilterraManchester Utd241994-95, 1996-97, 1997-98, 1998-99, 1999-00, 2000-01, 2001-02, 2002-03, 2003-04, 2004-05, 2005-06, 2006-07, 2007-08, 2008-09, 2009-10, 2010-11, 2011-12, 2012-13, 2013-14, 2015-16, 2017-18, 2018-19, 2020-21, 2021-22
36%
UcrainaShakhtar Donetsk172000-01, 2004-05, 2006-07, 2007-08, 2008-09, 2010-11, 2011-12, 2012-13, 2013-14, 2014-15, 2015-16, 2017-18, 2018-19, 2019-20, 2020-21, 2021-22, 2022-23
36%
InghilterraLeeds Utd12000-01
34%
Austria Rapid Vienna21996-97, 2005-06
34%
UngheriaFerencváros21995-96, 2020-21
32%
Israele Maccabi Tel Aviv22004-05, 2015-16
32%
PoloniaLegia Varsavia21995-96, 2016-17
30%
SerbiaPartizan22003-04, 2010-11
30%
MoldaviaSheriff Tiraspol12021-22
30%
BielorussiaBATĖ Borisov52008-09, 2011-12, 2012-13, 2014-15, 2015-16
29%
Spagna Celta Vigo12003-04
29%
KazakistanAstana12015-16
27%
Romania CFR Cluj32008-09, 2010-11, 2012-13
27%
AzerbaigianQarabağ12017-18
27%
Paesi Bassi Twente12010-11
27%
Norvegia Molde11999-00
25%
CroaziaHajduk Spalato11994-95
23%
NorvegiaRosenborg111995-96, 1996-97, 1997-98, 1998-99, 1999-00, 2000-01, 2001-02, 2002-03, 2004-05, 2005-06, 2007-08
23%
TurchiaTrabzonspor12011-12
23%
Spagna Maiorca12001-02
21%
BelgioStandard Liegi12009-10
21%
Austria Sturm Graz31998-99, 1999-00, 2000-01
21%
Germania Hertha Berlino11999-00
20%
FinlandiaHJK11998-99
20%
Turchiaİstanbul Başakşehir12020-21
20%
BulgariaLudogorets22014-15, 2016-17
20%
Danimarca Midtjylland12020-21
20%
RussiaRubin22009-10, 2010-11
20%
RussiaKrasnodar12020-2021
18%
SloveniaMaribor31999-00, 2014-15, 2017-18
18%
Svezia AIK11999-00
16%
Francia Auxerre31996-97, 2002-03, 2010-11
14%
Portogallo Boavista21999-00, 2001-02
14%
Danimarca Brøndby11998-99
14%
SveziaIFK Göteborg41992-93, 1994-95, 1996-97, 1997-98
14%
Germania Kaiserslautern11998-99
14%
Bulgaria Levski Sofia12006-07
14%
Repubblica Ceca Viktoria Plzeň42011-12, 2013-14, 2018-19, 2022-23
14%
Danimarca Aalborg21995-96, 2008-09
13%
Inghilterra Blackburn11995-96
13%
Svizzera Grasshoppers21995-96, 1996-97
11%
Paesi Bassi Heerenveen12000-01
11%
Danimarca Nordsjælland12012-13
11%
RussiaRostov12016-17
11%
TurchiaBursaspor12010-11
7%
Israele Hapoel Tel Aviv12010-11
7%
Cipro Anorthōsis12008-09
4%
Svezia Helsingborg12000-01
4%
Polonia Widzew Łódź11996-97
4%
Paesi Bassi Willem II11999-00
4%
Ungheria Debrecen12009-10
2%
BelgioLierse11997-98
2%
Romania Oțelul Galați12011-12
2%
Svizzera Thun12005-06
2%
Romania Unirea Urziceni12009-10
2%
SlovacchiaVSS Košice11997-98
2%
Slovacchia Žilina12010-11
2%
Slovacchia Petržalka12005-06
0%

Distribuzione punteggi

Percentile per numero di risposta

Percentuale di utenti per punteggio

I tuoi punteggi nel tempo

Non hai fatto questo quiz